| 000 | 00926nam a2200157Ia 4500 | ||
|---|---|---|---|
| 008 | 220216s9999 xx 000 0 und d | ||
| 100 | _aAnanthapadmanabha H S | ||
| 245 | 0 | _aEvaluation of rubberwood laminated veneer lumber (LVL) for durability against wood rooting fungi | |
| 260 |
_bWood News _c1997 |
||
| 300 | _a33-34 | ||
| 520 | _aLaminated veneer lumber (LVL), made from rubberwood [Hevea brasiliensis] veneer treated with preservative and bonded with phenol formaldehyde resin, was tested for durability against decay fungi in accelerated laboratory tests. The test fungi were Coriolus versicolor and C. hirsutus (white-rot), and Polyporus meliae and P. palustris (brown-rot). LVL was as susceptible as rubbewood in the initial stages (up to 60 days) but then was more durable (days 60-120). | ||
| 650 | _aRubberwood laminated veneer lumber | ||
| 650 | _aWood rooting fungi | ||
| 700 | _aNagaveni H C | ||
| 942 | _cBO | ||
| 999 |
_c48025 _d48025 |
||